00492nam a2200193 a 4500001001300000003000900013005001700022008004100039020000900080082001600089100001800105245002700123260004500150300000800195500003500203650002000238700002200258700001800280nice12345678IN_TiNIC20260116014854.0110323s2002 newa grp 000 0 eng  ac3500a362.7bGEO3 aGeorge, S D B aLiving By Values (B.4) aNew Delhi bSavio Pubs. Pvt. Ltd. c2002 a56p aincludes index and biblioraphy aChild Education1 aMariella, I B M V1 aJerry, Thomas